000 00654nmm a2200229Ia 4500
008 251105s9999||||xx |||||||||||||||||und||
020 _a9789587414943
041 _aspa
100 _aSilva, Harold
245 0 _aMarketing: conceptos y aplicaciones
264 _a[Bogotá, Colombia] :
_bUniversidad del Norte,
_c2014
300 _a78 páginas
650 _aEconomics and Business
700 _aSilva, Harold
700 1 _a Juliao, David
700 1 _a Ortiz, Mauricio
700 1 _a Martinez, Domingo
700 1 _a González, Jaime
700 1 _a Giraldo, Mario
856 _uhttps://public.digitaliapublishing.com/a/37575
942 _cCF
999 _c71446
_d71446